| 000 | 00756nam a22002057a 4500 | ||
|---|---|---|---|
| 005 | 20250527105208.0 | ||
| 008 | 250527b |||||||| |||| 00| 0 eng d | ||
| 020 | _a978-93-83116-87-4 | ||
| 037 | _cTB | ||
| 040 |
_aCRL _cCRL |
||
| 041 |
_2Pun _aPun |
||
| 084 |
_aP153,4 Q9 _qCRL |
||
| 245 | _aਵਿਸ਼ਰ ਰਹੇ ਪੰਜਾਬੀ ਅਖਾਣ | ||
| 260 |
_aਅੰਮ੍ਰਿਤਸਰ, ਭਾਰਤ: _bਅਜ਼ਾਦ ਬੁੱਕ ਡਿਪੂ, _c2019. |
||
| 300 | _a568 ਪ. | ||
| 365 |
_b600.00 _cINR |
||
| 650 | _aਪੰਜਾਬੀ ਭਾਸ਼ਾ | ||
| 942 |
_2CC _cTB _hP153,4 Q9 _n0 |
||
| 999 |
_c1431060 _d1431060 |
||